000 00895nam a22002537a 4500
005 20240530110551.0
008 151224s2013 ua g b 000 0 ara d
017 _a2012/17456
_bمصر . دار الكتب المصرية
020 _a9789776413115
040 _aEG-CaGPL
082 _221
_a219.3\
_bأ م
100 _aاحمد محمد عركز
245 1 0 _aمن الارهابى ؟ /
_cتاليف احمد محمد عركز
250 _aط1
260 _aالاسكندرية :
_bدار الوفاء لدنيا الطباعة و النشر ،
_c2013 .
300 _a383 ص ؛
_c24 سم .
504 _aيشتمل على ارجاعات ببليوجرافية
650 0 4 _aالجهاد
650 0 4 _aالجهاد فى الاسلام
650 0 4 _aالجهاد فى القران
650 0 4 _aالارهاب
942 _2ddc
_cBK
999 _c62454
_d62454